000 00578nam a2200205Ia 4500
005 20250923144832.0
008 008 250917s9999 xx 000 0 eng d
037 _aTextual
040 _aDSWL
_beng
_cDSWL
041 _aeng
_2eng
084 _aY113115, K0
_qDSWL
100 _aChesser, Eustace
_9828914
245 0 _aIs Chastity Out-Moded?
_cby Eustace Chesser
260 _aLondon
_bWilliamHeinemann Ltd.
_c1960
300 _axiv,122p.
365 _aINR
_b10.6
925 _g10.6
942 _cTEXL
_hY113115, K0
999 _c1443956
_d1443956